[Event "ESP-ch U14"]
[Site "Salobrena"]
[Date "2022.07.23"]
[Round "9"]
[White "Uber Gracia, Hugo"]
[Black "Martino Girones, Gonzalo"]
[Result "1/2-1/2"]
[WhiteElo "1952"]
[BlackElo "1732"]
[PlyCount "78"]
[EventDate "2022.07.18"]
[EventType "swiss"]
[EventRounds "9"]
[EventCountry "ESP"]
[SourceTitle "EXT 2023"]
[Source "ChessBase"]
[SourceDate "2022.10.05"]
[SourceVersion "1"]
[SourceVersionDate "2022.10.05"]
[SourceQuality "1"]

1. e4 c5 2. Nf3 g6 3. c3 Bg7 4. d4 cxd4 5. cxd4 d5 6. e5 Nc6 7. Bb5 Qa5+ 8. Nc3 Bg4 9. Bd2 Rc8 10. Qb3 Bxf3 11. gxf3 Nh6 12. Qxd5 Qc7 13. Qe4 0-0 14. Nd5 Qd8 15. Rc1 Nf5 16. Bc3 Ncxd4 17. Rd1 Nxb5 18. Nf6+ exf6 19. Rxd8 Rfxd8 20. 0-0 Nxc3 21. bxc3 fxe5 22. Qxb7 Rxc3 23. Qxa7 Rxf3 24. a4 Rfd3 25. a5 e4 26. a6 e3 27. fxe3 Rxe3 28. Qc7 Red3 29. a7 Ra8 30. Kh1 Bf8 31. Rb1 Ra3 32. Rb7 Nd6 33. Rb8 R3xa7 34. Qxd6 Rxb8 35. Qxb8 Ra3 36. Kg2 h5 37. h3 Rc3 38. Qd8 Ra3 39. Qc8 Rb3 1/2-1/2

[Event "ESP-ch U14"]
[Site "Salobrena"]
[Date "2022.07.22"]
[Round "8"]
[White "Martino Girones, Gonzalo"]
[Black "Villa Tornero, Alex"]
[Result "0-1"]
[WhiteElo "1732"]
[BlackElo "2106"]
[PlyCount "124"]
[EventDate "2022.07.18"]
[EventType "swiss"]
[EventRounds "9"]
[EventCountry "ESP"]
[SourceTitle "EXT 2023"]
[Source "ChessBase"]
[SourceDate "2022.10.05"]
[SourceVersion "1"]
[SourceVersionDate "2022.10.05"]
[SourceQuality "1"]

1. d4 Nf6 2. Nf3 e6 3. e3 b6 4. c4 Bb7 5. Nc3 Bb4 6. a3 Bxc3+ 7. bxc3 Ne4 8. Qc2 f5 9. Be2 0-0 10. Bb2 d6 11. Rd1 Nd7 12. 0-0 Rf6 13. a4 Rh6 14. d5 e5 15. Ba3 g5 16. Nd2 Nxd2 17. Rxd2 Qf6 18. Bd1 f4 19. Bg4 Nf8 20. e4 Rh4 21. f3 Bc8 22. Bxc8 Rxc8 23. Qd1 Rh6 24. h3 Rg6 25. Kf2 h5 26. Ke2 g4 27. hxg4 hxg4 28. Rh1 g3 29. Rh3 Rh6 30. Qh1 Kg7 31. Rd1 Nd7 32. Rxh6 Qxh6 33. Qxh6+ Kxh6 34. Rh1+ Kg7 35. Kd3 Rh8 36. Rxh8 Kxh8 37. Kd2 Kg7 38. Kd3 Kf7 39. Kd2 Ke8 40. Bb4 Kd8 41. Kd3 Kc8 42. Kd2 Kb7 43. Kd3 Ka8 44. Kd2 Kb8 45. Ke2 Kb7 46. Kd3 Ka6 47. Kc2 Nf8 48. Kd2 Ng6 49. Ke2 Nh4 50. Kf1 Kb7 51. Ba3 Ka8 52. Kg1 Kb8 53. Kf1 Kb7 54. Bb4 Ka6 55. Kg1 Ng6 56. Kf1 Ne7 57. Ke2 Ng8 58. Kd3 Nf6 59. Ke2 Kb7 60. Kd2 Nxe4+ 61. fxe4 f3 62. Ke3 fxg2 0-1

[Event "ESP-chT Regional U14"]
[Site "Gijon"]
[Date "2021.06.17"]
[Round "1.2"]
[White "Buzica Patrin, Teo Adrian"]
[Black "Martino Girones, Gonzalo"]
[Result "1-0"]
[WhiteElo "1515"]
[BlackElo "1547"]
[PlyCount "69"]
[EventDate "2021.06.17"]
[EventType "team-swiss"]
[EventRounds "6"]
[EventCountry "ESP"]
[SourceTitle "EXT 2022"]
[Source "ChessBase"]
[SourceDate "2021.10.06"]
[SourceVersion "1"]
[SourceVersionDate "2021.10.06"]
[SourceQuality "1"]
[WhiteTeam "Castilla La Mancha U14"]
[BlackTeam "Navarra U14"]
[WhiteTeamCountry "ESP"]
[BlackTeamCountry "ESP"]

1. e4 c5 2. Nf3 g6 3. d4 cxd4 4. Nxd4 Bg7 5. Nc3 Nc6 6. Be3 Nf6 7. Bc4 d6 8. 0-0 Qa5 9. Bb3 0-0 10. h3 Bd7 11. f4 Rac8 12. f5 Ne5 13. fxg6 hxg6 14. Nd5 Nxd5 15. exd5 a6 16. c3 b5 17. Bg5 Rfe8 18. Qe2 Qb6 19. Kh1 a5 20. Nf3 b4 21. Nxe5 Bxe5 22. Qf3 f6 23. Be3 Qb7 24. Qe4 f5 25. Qh4 a4 26. Qh6 Kf7 27. Qh7+ Bg7 28. Bd4 Rg8 29. Rfe1 Rce8 30. Re6 axb3 31. Qxg6+ Kf8 32. Qxf5+ Bf6 33. Rxf6+ Kg7 34. Qg6+ Kh8 35. Qh6# 1-0

[Event "ESP-ch U12"]
[Site "Salobrena"]
[Date "2020.07.27"]
[Round "1"]
[White "Sierra Vallina, Lionel"]
[Black "Martino Girones, Gonzalo"]
[Result "1/2-1/2"]
[WhiteElo "1804"]
[BlackElo "1312"]
[PlyCount "60"]
[EventDate "2020.07.27"]
[EventType "swiss"]
[EventRounds "9"]
[EventCountry "ESP"]
[SourceTitle "EXT 2021"]
[Source "ChessBase"]
[SourceDate "2020.10.23"]
[SourceVersion "1"]
[SourceVersionDate "2020.10.23"]
[SourceQuality "1"]

1. e4 c5 2. Nf3 g6 3. d4 cxd4 4. Nxd4 Bg7 5. Nc3 Nc6 6. Be3 Nf6 7. Bc4 Qa5 8. 0-0 0-0 9. Bb3 d6 10. h3 Bd7 11. Qd2 Rac8 12. f4 Nxd4 13. Qxd4 Qc5 14. Qd2 Qa5 15. Rad1 Rxc3 16. Qxc3 Qxc3 17. bxc3 Nxe4 18. Bxa7 Nxc3 19. Rd2 Bc6 20. Re1 Bf6 21. Bd4 Bh4 22. Ra1 Ne4 23. Rdd1 Ng3 24. Rd2 Ne4 25. Rdd1 Ng3 26. Rd2 Ne4 27. Rdd1 Ng3 28. Rd2 Ne4 29. Rdd1 Ng3 30. Rd2 Ne4 1/2-1/2